1 (Registro nro. 8781)

Detalles MARC
000 -LIDER
fixed length control field 00770nam a22002537a 4500
001 - NÚMERO DE CONTROL
Identificador de número de control 000285
003 - IDENTIFICACDOR DE NÚMERO DE CONTROL
control field DO-SdBNP
005 - DATE AND TIME OF LATEST TRANSACTION
control field 20231204122816.0
008 - ELEMENTOS DE LONGITUD FIJA
fixed length control field 151118b1990 sp 00| 0 spa d
020 ## - ISBN
International Standard Book Number 8497400798
040 ## - FUENTE DE CATALOGACIÓN
Agencia que crea de manera original el registro BPMSU
Idioma de catalogación spa
Agencia que realiza la transcripción BPMSU
082 #4 - NÚMERO DE CLASIFICACIÓN DECIMAL DE DEWEY
Classification number 864.3
Item number M39s 1989
Edition number 22
100 #4 - ASIENTO PRINCIPAL -- NOMBRE PERSONAL
Término de relación Mexía , Pedro,
Fechas asociadas con el nombre 1500-1550.
245 ## - MENCIÓN DE TITULO
Enlace Silva de varia lección /
Título 1
Mención de responsabilidad Pedro Mexía
260 ## - PUBLICACIÓN, DISTRIBUCIÓN, ETC. (PIE DE IMPRENTA)
Lugar de publicación, distribución, etc Madrid :
Nombre del editor, distribuidor, etc. Editorial Castalia
Fecha de publicación, distribución, etc 1990
300 ## - DESCRIPCIÓN FÍSICA
Extensión 2 v.
Otros detalles físicos 20 cm.
490 0# - MENCIÓN DE SERIES
Mención de serie Letras hispánicas
Volume/sequential designation 264
590 ## - NOTA LOCAL
Texto de la nota local Inventariado, 2023/VM
650 #4 - ENCABEZAMIENTO DE MATERIA--TEMÁTICO
Término temático o nombre geográfico como elemento de entrada Literatura española
Subdivisión de forma Ensayos, conferencias, etc
Subdivisión cronológica Siglo XVI.
650 #4 - ENCABEZAMIENTO DE MATERIA--TEMÁTICO
Término temático o nombre geográfico como elemento de entrada Ensayos españoles
Subdivisión cronológica Siglo XVI.
700 1# - ASIENTO SECUNDARIO -- NOMBRE PERSONAL
Nombre personal Castro, Antonio
Mención de responsabilidad ed.
910 ## - VALIDACIÓN
Validación VMateo V. Control de calidad. BPMSU
942 ## - ADDED ENTRY ELEMENTS (KOHA)
Source of classification or shelving scheme Dewey Decimal Classification
Koha item type Libros
Existencias
Withdrawn status Lost status Source of classification or shelving scheme Damaged status Not for loan Home library Current library Date acquired Source of acquisition Total Checkouts Full call number Barcode Date last seen Copy number Price effective from Koha item type Collection code
    Dewey Decimal Classification     Biblioteca Pública Metropolitana Salomé Ureña Biblioteca Pública Metropolitana Salomé Ureña 11/18/2015 Fundación Educativa y Cultural   BPMSU CG 864.3 M39s 1989 BPMSU15110350 11/18/2015 v. 1 11/18/2015 Libros  
    Dewey Decimal Classification     Biblioteca Pública Metropolitana Salomé Ureña Biblioteca Pública Metropolitana Salomé Ureña 11/18/2015 Fundación Educativa y Cultural   BPMSU CG 864.3 M39s 1989 BPMSU15110351 11/18/2015 v.2 11/18/2015 Libros Colección General